000 00476nam a2200169Ia 4500
999 _c27022
_d27022
003 OSt
005 20210101111254.0
008 190216s9999||||xx |||||||||||||| ||und||
040 _coclc
082 _a894.8121
_bSAN/K
100 _aSandeepani, C
_97639
245 0 _aKirmeeravadham /
_cC Sandeepani
260 _bTouring Book Stall,
_aKozhikode:
_c1972.
300 _a140p
650 _aMalayalam
942 _cBK
_2ddc
_h894.8121
_iSAN/K
_k894.8121
_mSAN/K